Z popela /
Román o milostném vztahu dvou lidí, které spojuje společné trauma. Oba přežili požár, v němž zahynuli jejich partneři. Společně se snaží překonat bolestnou minulost a vytvořit si nový život.
Uloženo v:
| Hlavní autor: | |
|---|---|
| Další autoři: | |
| Médium: | E-kniha |
| Jazyk: | Czech |
| Vydáno: |
Praha :
Ikar,
2023
|
| Vydání: | Vydání první |
| Témata: | |
| Tagy: |
Žádné tagy |
| LEADER | 02313nam a2200445 i 4500 | ||
|---|---|---|---|
| 001 | 312184 | ||
| 003 | CZ PrSKC | ||
| 005 | 20260601215718.0 | ||
| 007 | ta | ||
| 008 | 231215s2023 xr g 000 f cze | ||
| 015 | |a cnb003536680 | ||
| 020 | |a 9788024952680 |q (brožováno) | ||
| 035 | |a (OCoLC)1425859061 | ||
| 040 | |a ABG001 |b cze |d ABA001 |e rda | ||
| 041 | 1 | |a cze |h eng | |
| 072 | 7 | |a 821.111(73)-3 |x Americká próza |2 Konspekt | |
| 080 | |a 821.111(73)-31 |2 MRF | ||
| 080 | |a (0:82-312.5) |2 MRF | ||
| 100 | 1 | |a Martinez, Aly |7 xx0233178 |4 aut | |
| 240 | 1 | 0 | |a From the embers. |l Česky |
| 245 | 1 | 0 | |a Z popela / |c Aly Martinezová ; přeložila Zuzana Ľalíková |
| 250 | |a Vydání první | ||
| 264 | 1 | |a Praha : |b Ikar, |c 2023 | |
| 300 | |a 275 stran ; |c 20 cm | ||
| 336 | |a text |b txt |2 rdacontent | ||
| 337 | |a bez média |b n |2 rdamedia | ||
| 338 | |a svazek |b nc |2 rdacarrier | ||
| 500 | |a Přeloženo z angličtiny | ||
| 520 | 2 | |a Román o milostném vztahu dvou lidí, které spojuje společné trauma. Oba přežili požár, v němž zahynuli jejich partneři. Společně se snaží překonat bolestnou minulost a vytvořit si nový život. |b Když Eason zjistil, že z hořícího domu nevynesl svou ženu, ale její nejlepší kamarádku Bree, pohltila ho hrůza. Nikdo další požár nepřežil - ačkoli po té noci jako by skutečně nežili ani oni dva. Eason se jako svobodný otec bez střechy nad hlavou nastěhuje k Bree do domku pro hosty. A i přes pocit viny a hluboký žal spolu nakonec dokážou vytvořit jeden tým. Co se může z popela jejich životů zrodit? Nakladatelská anotace. | |
| 655 | 7 | |a americké romány |7 fd131796 |2 czenas | |
| 655 | 7 | |a milostné romány |7 fd132840 |2 czenas | |
| 655 | 9 | |a American fiction |2 eczenas | |
| 655 | 9 | |a love novels |2 eczenas | |
| 700 | 1 | |a Ľalíková, Zuzana, |d 1987- |7 xx0144546 |4 trl | |
| 900 | |a ABA001 |b 20 | ||
| 928 | 9 | |a Euromedia Group - Ikar | |
| 044 | |a xr | ||
| 910 | |a RBIT002 | ||
| 998 | |d 391227 |a https://core.palmknihy.cz/api/books/391227/cover?s3v9cf |b https://core.palmknihy.cz/api/books/391227/cover/400?s3v9cf |c https://core.palmknihy.cz/api/books/391227/cover/50?s3v9cf |e 2028-01-17 |g 280 |i 9788024952680 |j https://core.palmknihy.cz/api/books/391227/preview.epub |l |q 49 |r 1 |s https://www.palmknihy.cz/kniha/391227 |t ebook |y 2023 |z 0 | ||
| 999 | |d 312182 | ||